Responses for Show #1215 - Friday, December 8, 1989

Contestants

[<< previous game]

Pam Richardson, an assistant professor from Roanoke, Virginia

Richard Sowalsky, a medical student from Baltimore, Maryland

Bill Warren, a restaurant owner originally from Rockville, Indiana (whose 1-day cash winnings total $15,000)

[next game >>]

Jeopardy! Round responses

THE 20TH CENTURY
ACTORS & ACTRESSES
SCIENCE & TECHNOLOGY
IN OTHER WORDS...
CITY SEALS
ONLY NO. 2
    $100 11
Withholding

Bill
    $100 8
"Hannah And Her Sisters"

Richard
    $100 9
Fax Machine

Richard
    $100 1
Take the wind out of his sails

Richard
    $100 19
Philadelphia

Richard
    $100 5
Cardinals

Richard
    $200 4
(P: What is France?)
(B: What is Mexico?)

Spain

BillPam
Triple Stumper
    $200 14
(Bill: Who is...)

Anthony Perkins

BillRichard
    $200 10
The Brooklyn Bridge

Bill
    $200 2
Leave no stone unturned

Bill
    $200 27
Las Vegas

Bill
    $200 6
Helium

Richard
    $300 17
Robert F. Kennedy

Richard
    $300 26
Lou Diamond Phillips

Bill
    $300 15
(R: What is High Density Television?)

High Definition Television

BillRichard
    $300 3
Free as a bird

Bill
    $300 28
Grapes

Richard
    $300 7
James Brown

Pam
    $400 18
Ireland

Bill
    $400 25
Errol Flynn

Bill
    $400 20
DNA

Richard
    $400 22
Take It or Leave It

Bill
    $400 29
(R: What is Springfield, IL?)

Lincoln, Nebraska

BillRichard
    $400 13
The 2nd James Bond Movie

Richard
    $700 16
Edward VIII

Bill
    $500 24
Dyan Cannon & Elliott Gould

Bill
    $500 21
(B: What is tracking meteors?)

Weather Forecasting

BillRichard
    $500 23
Turkey Talk

Bill
    $500 30
Denver

Bill
    $500 12
Iceland

Richard

Scores at the first commercial break (after clue 15):

Bill Richard Pam
$700 $1,400 $100

Scores at the end of the Jeopardy! Round:

Bill Richard Pam
$4,500 $2,600 $100

Double Jeopardy! Round responses

STARTS WITH "S"
JAPAN
GEMS & JEWELS
AMERICAN MUSIC
POLITICAL LEADERS
NUMBERS IN LITERATURE
    $200 4
Stained

Richard
    $200 2
Bonsai

Bill
    $200 9
Jade

Pam
    $200 10
(Bill: What is the sun?)
(Alex: Be more specific.)
(Bill: Our sun?)
(Alex: No.)

the evening sun

Bill
Triple Stumper
    $200 12
Mikhail Gorbachev

Richard
    $200 1
3

Richard
    $400 16
Sow

Bill
    $400 5
(B: What is teriyaki?)

Sukiyaki

BillRichard
    $400 24
Rubies

Richard
    $400 13
Leonard Bernstein

Pam
    $400 28
Ethiopia

Bill
    $400 11
4 ("Four Horsemen of the Apocalypse")

Bill
    $600 3
(B: What are shackles?)
(R: What are swords?)

Slavery

BillRichard
Triple Stumper
    $600 6
Marco Polo

Richard
    $600 25
Turquoise

Pam
    $700 14
"Rhapsody in Blue"

Pam
    $600 29
Haiti

Richard
    $600 18
(B: What is 3?)

10 (The Russian Revolution)

Bill
Triple Stumper
    $800 19
Sea Serpent

Bill
    $800 7
Noburu Takeshita

Triple Stumper
    $2,200 26
(Alex: You are now tied with Richard for second place... go again.)

a cameo

Pam
    $800 15
Louis Armstrong

Bill
    $800 17
Switzerland

Bill
    $800 22
1 ("One Flew Over the Cuckoo's Nest")

Pam
    $1000 20
Serviette

Bill
    $1000 8
The Tea Ceremony

Richard
    $1000 27
Amethyst

Pam
    $1000 23
"The Heiress"

Triple Stumper
    $1000 30
(P: Who is d' Estaing?)

Jacques Chirac

RichardPam
    $1000 21
2

Bill

Scores at the end of the Double Jeopardy! Round:

Bill Richard Pam
$8,500 $6,600 $5,000

[wagering suggestions for these scores]

Final Jeopardy! Round responses

RIVERS
PamWhat is the Columbia? (scratched out Colorado)
$5,000
RichardWhat is the Columbia?
$6,600
BillWhat is the Columbia?
$4,701
The Columbia River (Grand Coulee Dam)

Final scores:

Bill Richard Pam
$13,201 $13,200 $10,000
2-day champion: $28,201 2nd place: 48-piece sterling flatware set 3rd place: Table & 4 barstools

Game dynamics:

Coryat scores:

Bill Richard Pam
$8,300 $6,600 $3,500
24 R
(including 1 DD),
7 W
22 R,
3 W
8 R
(including 2 DDs),
2 W

Combined Coryat: $18,400

[game clues] [game scores] [suggest correction]

Game tape date: 1989-08-28
The J! Archive is created by fans, for fans. Scraping, republication, monetization, and malicious use prohibited; this site may use cookies and collect identifying information. See terms. The Jeopardy! game show and all elements thereof, including but not limited to copyright and trademark thereto, are the property of Jeopardy Productions, Inc. and are protected under law. This website is not affiliated with, sponsored by, or operated by Jeopardy Productions, Inc. Join the discussion at JBoard.tv.